| 000 | 00842nam a2200217 i 4500 | ||
|---|---|---|---|
| 001 | 136617 | ||
| 003 | ES-MaACL | ||
| 005 | 20230906195201.0 | ||
| 007 | t| | ||
| 008 | 070214q1942 sp r ||||1| spa d | ||
| 100 | 1 |
_aRutherford, D. E. _9101066 |
|
| 245 | 1 | 0 |
_aMétodos vectoriales aplicados a la geometría diferencial, a la mecánica y a la teoría del potencial / _cpor D. E. Rutherford ; versión castellana de la 4ª edición inglesa al cuidado de Tomás Rodríguez Bachiller. |
| 260 |
_aMadrid [etc.] : _bDossat, _c[1942?] |
||
| 300 |
_aC, 144 p. : _bil. ; _c22 cm. |
||
| 490 | 1 | _aUniversity Mathematical Texts | |
| 650 | 4 |
_aAnálisis vectorial. _9154292 |
|
| 700 | 1 |
_aRodríguez Bachiller, Tomás. _998366 |
|
| 830 | 0 |
_aUniversity Mathematical Texts _9180736 |
|
| 852 |
_aES-MaACL _jD-7719 _bR.30156 |
||
| 999 |
_c136617 _d136617 |
||